00652nam a2200181Ia 450000500170000000800410001702000230005804000190008104100120010008200160011224501730012826000520030130000150035350400500036865000190041870000220043785000110045920221123130316.0131103s9999 xx 000 0 und d a8125027319cRs 455 aLoreto College aEnglish a954.05bKUM 4aThe Cambridge Economic Historyb Volume II c. 1757-2003 cEdited by Dharma Kumar with the editorial assistance of Meghnad Desai. Introduction by Sabyasachi Bhattacharya aNew DelhibOrient Longman Private Limitedc1984 axli,1115p  aIncludes bibliographical references and index aIndia, History aKumar, Dharma, ed aLCLIB